000 00424nam a2200181Ia 4500
008 210210b1928 xxu||||| |||| 00| 0 eng d
041 _aeng
082 _a884/22
100 _aSUKTHANKAR (Vi Es) Ed
245 _aMahabhArata: Adiparvan Part II
260 _a-
_b-
_c1928
650 _aPart
650 _aMahAbhArata:
650 _aII
650 _aAdiparvan
690 _aSanskrit Purana & Smrithi
906 _a024430
999 _c149920
_d149920